000 00518pab a2200181 454500
008 180718b2010 xxu||||| |||| 00| 0 eng d
100 _aBale, Tim
245 _aMay contain nuts? the reality behind the rhetoric surrounding the British conservatives' new group in the European Parliament
260 _c2010
300 _ap.85-98.
362 _aJan-Mar
650 _aPolitical parties
700 _aSzczerbiak, Aleks
700 _aHanley, Sean
773 _aPolitical Quarterly
908 _aN
909 _a87545
999 _c87545
_d87545